Périodes géologiques - Noms - Statistiques

Statistiques générales
  • Ce quiz a été pris 19 fois
  • Le résultat moyen est 4 sur 6
Statistiques - réponses
Hint Réponse % Correct
Il y en a 10. Érathème|Ère
90%
Il y en a 101. Étage|Age
90%
Il y en a 4. Éonothème|Éon
80%
Il y en a 36. Série|Époque
70%
Il y en a un. Superéon
50%
Il y en a 22. Système|Période
50%
Aucun quiz correspondant
Distribution des résultats
% des personnes avec chaque résultat
Percentile par nombre de réponses
Votre historique - résultats
Vous n’avez pas pris ce quiz